Итоги и задачи изучения внешней политики России. Советская историография.

Dades bibliogràfiques
Autor corporatiu: Академия наук СССР Институт истории
Altres autors: Нарочницкий А. Л. (редактор)
Idioma:rus
Publicat: Москва, Наука, 1981
Matèries:
Format: Llibre
KOHA link:https://koha.lib.tpu.ru/cgi-bin/koha/opac-detail.pl?biblionumber=365337

MARC

LEADER 00000nam0a2200000 4500
001 365337
005 20250529145402.0
035 |a (RuTPU)RU\TPU\retro\22700 
090 |a 365337 
100 |a 20211224d1981 km y0rusy50 ca 
101 0 |a rus 
102 |a RU 
105 |a y z 001zy 
200 1 |a Итоги и задачи изучения внешней политики России. Советская историография.  |f Академия наук СССР, Институт истории ; отв. ред. А. Л. Нарочницкий 
210 |a Москва  |c Наука  |d 1981 
215 |a 388 с. 
320 |a Библиогр.: с. 379-387 
606 1 |a Историография в России  |2 stltpush  |3 (RuTPU)RU\TPU\subj\53391  |9 71660 
606 |a Внешняя политика России  |x История  |9 81496 
610 1 |a Русское государство 
610 1 |a Древняя Русь 
610 1 |a 12 век 
610 1 |a 13 век 
610 1 |a 14 век 
610 1 |a 15 век 
610 1 |a 16 век 
610 1 |a 17 век 
610 1 |a 18 век 
686 |a Т3(2)-6  |2 rubbk 
686 |a Т1(2)  |2 rubbk 
702 1 |a Нарочницкий  |b А. Л.  |4 340 
712 0 2 |a Академия наук СССР  |b Институт истории  |c (1936-1968)  |c (Москва)  |3 (RuTPU)RU\TPU\col\3279  |9 23803 
801 1 |a RU  |b 63413507  |c 20211224 
801 2 |a RU  |b 63413507  |c 20211224  |g RCR 
850 |a 63413507 
942 |c BK